000 00605nam a2200241Ia 4500
003 OSt
005 20221005121014.0
006 a|||||r|||| 00| 0
007 ta
008 221004b |||||||| |||| 00| 0 eng d
024 _a59363
037 _cTextual
040 _aCRL
_cCRL
_beng
041 _2eng
_aeng
082 _aV2:25xM69:9, L02
100 _aKripalani J B
245 0 _aGandhi his life and thought
260 _c1970
490 _aBuilder of modern India.
650 _aHISTORY
942 _hV2:25xM69:9, L02
_cTEXL
_2cc
999 _c1039822
_d1039822